000 00475cam a2200157 i 4500
005 20260305122747.0
008 250721s2005 cc gr 000 0 eng d
082 1 4 _a709.02
_bK H A
100 1 _aKhalili, Nasser D.
_eAuthor.
245 1 0 _aVisions of Splendour in Islamic Art and Culture /
_cNasser D. Khalili.
264 3 1 _bThe Khalili Family Trust,
_c2005.
_aChina :
300 _a186 pages.
650 1 7 _aislamic arts.
942 _2ddc
_cBK
999 _c117306
_d117306